000 00378nam a2200157Ia 4500
008 230711s9999||||xx |||||||||||||| ||und||
041 _aENG
082 _a624
_bMU-C
100 _aMaxwell,Robert
245 0 _aContemporary : british architects
250 _a1st . . Ed.
260 _c1994
_aNew York
_bPrestel
650 _aArchitecture
700 _aMurray,Peter
942 _cBK
999 _c4342
_d4342